00789cam a2200217Ma 4500999001500000001001000015003000600025005001700031008004100048035002100089040002700110082001600137092001500153100004300168245014500211260004900356300002100405650002000426942001200446952011300458 c1213d1213814448779OCoLC20180908141935.0990207s1944 mou 000 0 eng d a(OCoLC)814448779 aLQ4cLQ4dOCLCOdCIRBC a242bH2932S0 a248bH29321 aHarper, A. F.q(Albert Foster),d1907-14aThe story of ourselves :ba study for teachers and parents--co-workers with God in the creation of Christian personality /cby A. F. Harper. aKansas City, MO :bBeacon Hill Press,c1944. a232 p. ;c19 cm.00aChristian life. 2ddccBK 00102ddc40708NFICaHMCbHMCcGENd2018-09-08l0o242 H2932Sp002252r2018-09-08 00:00:00w2018-09-08yBK